Les mammisis de Dendara.

محفوظ في:

المؤلف الرئيسي: Daumas, François (مؤلف)

التنسيق: كتاب

اللغة: French

منشور في: Le Caire : Impr. de l'Institut français d'archéologie orientale, 1959.

سلاسل: Publications de l'Institut français d'archéologie orientale du Caire.

الموضوعات:

الوسوم: إضافة وسم

لا توجد وسوم, كن أول من يضع وسما على هذه التسجيلة!

رقم الطلب: ( F )DT73 .D4 C36

LEADER 01562nam a2200373I 4500
001 5241
003 OSt
005 20200608121547.0
008 130303s1959 ua af g 000 0 fre d
952 |0 0  |1 0  |2 lcc  |4 0  |7 1  |9 2793  |a ARCE  |b ARCE  |d 2020-06-08  |l 0  |o ( F )DT73 .D4 C36  |p 1018851  |r 2020-06-08 00:00:00  |w 2020-06-08  |y BK 
999 |c 5178  |d 5178 
010 |a ne 64002369 
025 |a PL480:UAR-4421 
035 |a ocm08131758 
040 |c ARCE Library 
043 |a f-ua--- 
050 0 4 |a ( F )DT73 .D4 C36 
100 1 |a Daumas, François,  |e author 
245 1 4 |a Les mammisis de Dendara. 
264 1 |a Le Caire :   |b Impr. de l'Institut français d'archéologie orientale,  |c 1959. 
300 |a xxxvi, 301 page ;  |b illustrations, 111 plates.  |c 35 cm. 
336 |a text  |b txt  |2 rdacontent 
337 |a unmediated  |b n  |2 rdamedia 
338 |a volume  |b nc  |2 rdacarrier 
490 1 |a Publications de l'Institut français d'archéologie orientale du Caire. 
500 |a "La première partie de cet ouvrage, Le mammisi de Nectanébo, a été présentée comme thèse complémentaire pour le doctorat ès lettres. Il a donc été fait de cette partie un tirage séparé de 95 exemplaires, sous les rubriques habituelles des thèses de doctorat." 
500 |a Errata slip inserted. 
650 0 |a Inscriptions, Egyptian. 
650 0 |a Temples  |z Egypt  |z Dandara. 
651 0 |a Dandara (Egypt)  |x Antiquities. 
830 0 |a Publications de l'Institut français d'archéologie orientale du Caire. 
901 |a reviewed 
907 |a .b24265299  |b 02-04-08  |c 01-30-08 
942 |c BK  |2 lcc